ERNEST BLOCH: UTOPIA Y ESPERANZA EN EL COMUNISMO/

TRADUCCION DE: UTOPIA I SPERANZA NEL COMUNISMO

保存先:
書誌詳細
第一著者: Zecchi, Stefano (autor)
フォーマット: 図書
シリーズ:HISTORIA, CIENCIA, SOCIEDAD; 150
主題:
タグ: タグ追加
タグなし, このレコードへの初めてのタグを付けませんか!

MARC

LEADER 00000nam^a2200000^a^4500
001 000224225
005 20250521000000.0
009 20260310104041.291
020 |a 84-297-1434-0 
035 |a 043063 
037 |a Acervo Xavier Clavigero 
082 |a 335. 401  |b ZEC 
100 |a Zecchi, Stefano  |e (autor) 
245 1 0 |a ERNEST BLOCH:  |b UTOPIA Y ESPERANZA EN EL COMUNISMO/  |c STEFANO ZECCHI; TR. JOSE FRANCISCO IVARS 
264 |a BARCELONA :  |b Península,  |c 1978 
300 |a 291p. 
336 |a texto  |b txt  |2 rdacontenido 
337 |a sin mediación  |b n  |2 rdamedio 
338 |a volumen  |b nc  |2 rdasoporte 
440 |a HISTORIA, CIENCIA, SOCIEDAD;  |v 150 
520 |a TRADUCCION DE: UTOPIA I SPERANZA NEL COMUNISMO 
649 |a XX 
650 |a Comunismo 
650 |a Filosofía Alemana 
650 |a Bloch, Ernst 
910 |a Fondo General 
920 |a Impresos - Libros 
930 |a Colección General 
905 |a 101 
901 |a 043063  |b IT1  |c ACC  |i 043063  |u 20250521 
902 |a https://opac.biblio.iteso.mx/vufind/Record/000224225